<?xml version="1.0" encoding="UTF-8"?>
<record
    xmlns:xsi="http://www.w3.org/2001/XMLSchema-instance"
    xsi:schemaLocation="http://www.loc.gov/MARC21/slim http://www.loc.gov/standards/marcxml/schema/MARC21slim.xsd"
    xmlns="http://www.loc.gov/MARC21/slim">

  <leader>03010nam0a2200481   4500</leader>
  <controlfield tag="001">RU\NLR\BIBL_A\011374242</controlfield>
  <controlfield tag="005">20260408184717.0</controlfield>
  <datafield tag="010" ind1=" " ind2=" ">
    <subfield code="a">978-5-00111-038-5</subfield>
    <subfield code="9">2000</subfield>
  </datafield>
  <datafield tag="021" ind1=" " ind2=" ">
    <subfield code="a">RU</subfield>
    <subfield code="b">2017-21729</subfield>
    <subfield code="9">1614</subfield>
  </datafield>
  <datafield tag="035" ind1=" " ind2=" ">
    <subfield code="a">(RuMoRGB)008836010</subfield>
  </datafield>
  <datafield tag="035" ind1=" " ind2=" ">
    <subfield code="a">(NLR Aleph) 011374242</subfield>
  </datafield>
  <datafield tag="090" ind1=" " ind2=" ">
    <subfield code="a">11368628</subfield>
    <subfield code="c">11368628</subfield>
  </datafield>
  <datafield tag="100" ind1=" " ind2=" ">
    <subfield code="a">20170425d2017    |||y0rusy50      ca</subfield>
  </datafield>
  <datafield tag="101" ind1="0" ind2=" ">
    <subfield code="a">rus</subfield>
  </datafield>
  <datafield tag="102" ind1=" " ind2=" ">
    <subfield code="a">RU</subfield>
  </datafield>
  <datafield tag="105" ind1=" " ind2=" ">
    <subfield code="a">acbzzz0|||0zd</subfield>
  </datafield>
  <datafield tag="200" ind1="1" ind2=" ">
    <subfield code="a">&#x412;&#x435;&#x43B;&#x438;&#x43A;&#x438;&#x435; &#x440;&#x443;&#x441;&#x441;&#x43A;&#x438;&#x435; &#x430;&#x434;&#x43C;&#x438;&#x440;&#x430;&#x43B;&#x44B;</subfield>
    <subfield code="e">&#x41C;&#x438;&#x445;&#x430;&#x439;&#x43B;&#x43E;&#x432;, &#x421;&#x43F;&#x438;&#x440;&#x438;&#x434;&#x43E;&#x432;, &#x423;&#x448;&#x430;&#x43A;&#x43E;&#x432;, &#x421;&#x435;&#x43D;&#x44F;&#x432;&#x438;&#x43D;, &#x413;&#x435;&#x439;&#x434;&#x435;&#x43D;, &#x41B;&#x430;&#x437;&#x430;&#x440;&#x435;&#x432;, &#x41D;&#x430;&#x445;&#x438;&#x43C;&#x43E;&#x432;, &#x41A;&#x43E;&#x440;&#x43D;&#x438;&#x43B;&#x43E;&#x432;</subfield>
    <subfield code="e">[&#x438;&#x441;&#x442;&#x43E;&#x440;&#x438;&#x447;&#x435;&#x441;&#x43A;&#x438;&#x435; &#x43E;&#x447;&#x435;&#x440;&#x43A;&#x438;</subfield>
    <subfield code="f">&#x440;&#x435;&#x434;&#x430;&#x43A;&#x442;&#x43E;&#x440;-&#x441;&#x43E;&#x441;&#x442;&#x430;&#x432;&#x438;&#x442;&#x435;&#x43B;&#x44C;: &#x41A;. &#x414;. &#x421;&#x443;&#x432;&#x43E;&#x440;&#x43E;&#x432;&#x430;]</subfield>
  </datafield>
  <datafield tag="210" ind1=" " ind2=" ">
    <subfield code="a">&#x41C;&#x43E;&#x441;&#x43A;&#x432;&#x430;</subfield>
    <subfield code="c">&#x41E;&#x43B;&#x43C;&#x430;</subfield>
    <subfield code="d">2017</subfield>
    <subfield code="c">&#x410;&#x431;&#x440;&#x438;&#x441;</subfield>
  </datafield>
  <datafield tag="215" ind1=" " ind2=" ">
    <subfield code="a">301, [2] &#x441;.</subfield>
    <subfield code="c">&#x438;&#x43B;., &#x446;&#x432;. &#x438;&#x43B;., &#x43F;&#x43E;&#x440;&#x442;&#x440;., &#x43A;&#x430;&#x440;&#x442;.</subfield>
    <subfield code="d">27</subfield>
  </datafield>
  <datafield tag="225" ind1="1" ind2=" ">
    <subfield code="a">&#x418;&#x441;&#x442;&#x43E;&#x440;&#x438;&#x44F; &#x420;&#x43E;&#x441;&#x441;&#x438;&#x438;</subfield>
  </datafield>
  <datafield tag="600" ind1=" " ind2="0">
    <subfield code="a">&#x41F;&#x435;&#x442;&#x440;</subfield>
    <subfield code="c">&#x438;&#x43C;&#x43F;&#x435;&#x440;&#x430;&#x442;&#x43E;&#x440; &#x440;&#x43E;&#x441;&#x441;&#x438;&#x439;&#x441;&#x43A;&#x438;&#x439;</subfield>
    <subfield code="d">I</subfield>
    <subfield code="f">1672 - 1725</subfield>
    <subfield code="9">1224899</subfield>
    <subfield code="3">RU\NLR\AUTH\66180638</subfield>
  </datafield>
  <datafield tag="600" ind1=" " ind2="1">
    <subfield code="a">&#x421;&#x435;&#x43D;&#x44F;&#x432;&#x438;&#x43D;</subfield>
    <subfield code="b">&#x414;.&#x41D;.</subfield>
    <subfield code="f">1763 - 1831</subfield>
    <subfield code="g">&#x414;&#x43C;&#x438;&#x442;&#x440;&#x438;&#x439; &#x41D;&#x438;&#x43A;&#x43E;&#x43B;&#x430;&#x435;&#x432;&#x438;&#x447;</subfield>
    <subfield code="9">1618181</subfield>
    <subfield code="3">RU\NLR\AUTH\661012000</subfield>
  </datafield>
  <datafield tag="600" ind1=" " ind2="1">
    <subfield code="a">&#x413;&#x435;&#x439;&#x434;&#x435;&#x43D;</subfield>
    <subfield code="b">&#x41B;.&#x41F;.</subfield>
    <subfield code="f">1773 - 1850</subfield>
    <subfield code="g">&#x41B;&#x43E;&#x433;&#x438;&#x43D; &#x41F;&#x435;&#x442;&#x440;&#x43E;&#x432;&#x438;&#x447;</subfield>
    <subfield code="9">2326054</subfield>
    <subfield code="3">RU\NLR\AUTH\6601615770</subfield>
  </datafield>
  <datafield tag="600" ind1=" " ind2="1">
    <subfield code="a">&#x41B;&#x430;&#x437;&#x430;&#x440;&#x435;&#x432;</subfield>
    <subfield code="b">&#x41C;.&#x41F;.</subfield>
    <subfield code="f">1788 - 1851</subfield>
    <subfield code="g">&#x41C;&#x438;&#x445;&#x430;&#x438;&#x43B; &#x41F;&#x435;&#x442;&#x440;&#x43E;&#x432;&#x438;&#x447;</subfield>
    <subfield code="9">1011705</subfield>
    <subfield code="3">RU\NLR\AUTH\6667584</subfield>
  </datafield>
  <datafield tag="600" ind1=" " ind2="1">
    <subfield code="a">&#x41D;&#x430;&#x445;&#x438;&#x43C;&#x43E;&#x432;</subfield>
    <subfield code="b">&#x41F;.&#x421;.</subfield>
    <subfield code="f">1802 - 1855</subfield>
    <subfield code="g">&#x41F;&#x430;&#x432;&#x435;&#x43B; &#x421;&#x442;&#x435;&#x43F;&#x430;&#x43D;&#x43E;&#x432;&#x438;&#x447;</subfield>
    <subfield code="9">1478958</subfield>
    <subfield code="3">RU\NLR\AUTH\66628834</subfield>
  </datafield>
  <datafield tag="600" ind1=" " ind2="1">
    <subfield code="a">&#x41A;&#x43E;&#x440;&#x43D;&#x438;&#x43B;&#x43E;&#x432;</subfield>
    <subfield code="b">&#x412;.&#x410;.</subfield>
    <subfield code="f">1806 - 1854</subfield>
    <subfield code="g">&#x412;&#x43B;&#x430;&#x434;&#x438;&#x43C;&#x438;&#x440; &#x410;&#x43B;&#x435;&#x43A;&#x441;&#x435;&#x435;&#x432;&#x438;&#x447;</subfield>
    <subfield code="9">1470824</subfield>
    <subfield code="3">RU\NLR\AUTH\66624829</subfield>
  </datafield>
  <datafield tag="600" ind1=" " ind2="1">
    <subfield code="a">&#x421;&#x43F;&#x438;&#x440;&#x438;&#x434;&#x43E;&#x432;</subfield>
    <subfield code="g">&#x413;&#x440;&#x438;&#x433;&#x43E;&#x440;&#x438;&#x439; &#x410;&#x43D;&#x434;&#x440;&#x435;&#x435;&#x432;&#x438;&#x447;</subfield>
    <subfield code="b">&#x413;.&#x410;.</subfield>
    <subfield code="f">1713 - 1790</subfield>
    <subfield code="3">RU\NLR\AUTH\661062561</subfield>
    <subfield code="9">1715808</subfield>
  </datafield>
  <datafield tag="600" ind1=" " ind2="1">
    <subfield code="a">&#x423;&#x448;&#x430;&#x43A;&#x43E;&#x432;</subfield>
    <subfield code="b">&#x424;.&#x424;.</subfield>
    <subfield code="g">&#x424;&#x435;&#x434;&#x43E;&#x440; &#x424;&#x435;&#x434;&#x43E;&#x440;&#x43E;&#x432;&#x438;&#x447;</subfield>
    <subfield code="f">1745 - 1817</subfield>
    <subfield code="3">RU\NLR\AUTH\661142339</subfield>
    <subfield code="9">1875043</subfield>
  </datafield>
  <datafield tag="686" ind1="1" ind2=" ">
    <subfield code="a">&#x426;66,8(2)0-243.1&#x434;</subfield>
  </datafield>
  <datafield tag="702" ind1=" " ind2="0">
    <subfield code="4">570</subfield>
    <subfield code="8">rus</subfield>
    <subfield code="7">ca</subfield>
    <subfield code="a">&#x41F;&#x435;&#x442;&#x440;</subfield>
    <subfield code="c">&#x438;&#x43C;&#x43F;&#x435;&#x440;&#x430;&#x442;&#x43E;&#x440; &#x440;&#x43E;&#x441;&#x441;&#x438;&#x439;&#x441;&#x43A;&#x438;&#x439;</subfield>
    <subfield code="d">I</subfield>
    <subfield code="f">1672-1725</subfield>
    <subfield code="3">RU\NLR\AUTH\778862</subfield>
    <subfield code="9">118743</subfield>
  </datafield>
  <datafield tag="702" ind1=" " ind2="1">
    <subfield code="a">&#x421;&#x443;&#x432;&#x43E;&#x440;&#x43E;&#x432;&#x430;</subfield>
    <subfield code="b">&#x41A;. &#x414;.</subfield>
    <subfield code="4">220</subfield>
  </datafield>
  <datafield tag="702" ind1=" " ind2="1">
    <subfield code="a">&#x421;&#x43F;&#x438;&#x440;&#x438;&#x434;&#x43E;&#x432;</subfield>
    <subfield code="b">&#x413;. &#x410;.</subfield>
    <subfield code="f">1713-1790</subfield>
    <subfield code="g">&#x413;&#x440;&#x438;&#x433;&#x43E;&#x440;&#x438;&#x439; &#x410;&#x43D;&#x434;&#x440;&#x435;&#x435;&#x432;&#x438;&#x447;</subfield>
    <subfield code="4">570</subfield>
  </datafield>
  <datafield tag="702" ind1=" " ind2="1">
    <subfield code="4">570</subfield>
    <subfield code="8">rus</subfield>
    <subfield code="7">ca</subfield>
    <subfield code="a">&#x423;&#x448;&#x430;&#x43A;&#x43E;&#x432;</subfield>
    <subfield code="b">&#x424;. &#x424;.</subfield>
    <subfield code="f">1745-1817</subfield>
    <subfield code="g">&#x424;&#x435;&#x434;&#x43E;&#x440; &#x424;&#x435;&#x434;&#x43E;&#x440;&#x43E;&#x432;&#x438;&#x447;</subfield>
    <subfield code="3">RU\NLR\AUTH\7715974</subfield>
    <subfield code="9">125619</subfield>
  </datafield>
  <datafield tag="702" ind1=" " ind2="1">
    <subfield code="4">570</subfield>
    <subfield code="8">rus</subfield>
    <subfield code="7">ca</subfield>
    <subfield code="a">&#x421;&#x435;&#x43D;&#x44F;&#x432;&#x438;&#x43D;</subfield>
    <subfield code="b">&#x414;. &#x41D;.</subfield>
    <subfield code="f">1763-1831</subfield>
    <subfield code="g">&#x414;&#x43C;&#x438;&#x442;&#x440;&#x438;&#x439; &#x41D;&#x438;&#x43A;&#x43E;&#x43B;&#x430;&#x435;&#x432;&#x438;&#x447;</subfield>
    <subfield code="3">RU\NLR\AUTH\7795912</subfield>
    <subfield code="9">78838</subfield>
  </datafield>
  <datafield tag="702" ind1=" " ind2="1">
    <subfield code="a">&#x413;&#x435;&#x439;&#x434;&#x435;&#x43D;</subfield>
    <subfield code="b">&#x41B;. &#x41F;.</subfield>
    <subfield code="f">1773-1850</subfield>
    <subfield code="g">&#x41B;&#x43E;&#x433;&#x438;&#x43D; &#x41F;&#x435;&#x442;&#x440;&#x43E;&#x432;&#x438;&#x447;</subfield>
    <subfield code="4">570</subfield>
  </datafield>
  <datafield tag="702" ind1=" " ind2="1">
    <subfield code="4">570</subfield>
    <subfield code="8">rus</subfield>
    <subfield code="7">ca</subfield>
    <subfield code="a">&#x41B;&#x430;&#x437;&#x430;&#x440;&#x435;&#x432;</subfield>
    <subfield code="b">&#x41C;. &#x41F;.</subfield>
    <subfield code="c">&#x444;&#x43B;&#x43E;&#x442;&#x43E;&#x432;&#x43E;&#x434;&#x435;&#x446;</subfield>
    <subfield code="f">1788-1851</subfield>
    <subfield code="g">&#x41C;&#x438;&#x445;&#x430;&#x438;&#x43B; &#x41F;&#x435;&#x442;&#x440;&#x43E;&#x432;&#x438;&#x447;</subfield>
    <subfield code="3">RU\NLR\AUTH\7775185</subfield>
    <subfield code="9">58113</subfield>
  </datafield>
  <datafield tag="702" ind1=" " ind2="1">
    <subfield code="4">570</subfield>
    <subfield code="8">rus</subfield>
    <subfield code="7">ca</subfield>
    <subfield code="a">&#x41D;&#x430;&#x445;&#x438;&#x43C;&#x43E;&#x432;</subfield>
    <subfield code="b">&#x41F;. &#x421;.</subfield>
    <subfield code="f">1802-1855</subfield>
    <subfield code="g">&#x41F;&#x430;&#x432;&#x435;&#x43B; &#x421;&#x442;&#x435;&#x43F;&#x430;&#x43D;&#x43E;&#x432;&#x438;&#x447;</subfield>
    <subfield code="3">RU\NLR\AUTH\779788</subfield>
    <subfield code="9">119595</subfield>
  </datafield>
  <datafield tag="702" ind1=" " ind2="1">
    <subfield code="4">570</subfield>
    <subfield code="8">rus</subfield>
    <subfield code="7">ca</subfield>
    <subfield code="a">&#x41A;&#x43E;&#x440;&#x43D;&#x438;&#x43B;&#x43E;&#x432;</subfield>
    <subfield code="b">&#x412;. &#x410;.</subfield>
    <subfield code="f">1806-1854</subfield>
    <subfield code="g">&#x412;&#x43B;&#x430;&#x434;&#x438;&#x43C;&#x438;&#x440; &#x410;&#x43B;&#x435;&#x43A;&#x441;&#x435;&#x435;&#x432;&#x438;&#x447;</subfield>
    <subfield code="3">RU\NLR\AUTH\7754368</subfield>
    <subfield code="9">37300</subfield>
  </datafield>
  <datafield tag="942" ind1=" " ind2=" ">
    <subfield code="c">BOOK</subfield>
  </datafield>
  <datafield tag="980" ind1=" " ind2=" ">
    <subfield code="a">NBR</subfield>
  </datafield>
  <datafield tag="980" ind1=" " ind2=" ">
    <subfield code="a">NB</subfield>
  </datafield>
  <datafield tag="995" ind1=" " ind2=" ">
    <subfield code="5">2017-04-25</subfield>
    <subfield code="a">ad</subfield>
    <subfield code="b">NLR01</subfield>
    <subfield code="c">NLR01</subfield>
    <subfield code="e">RF31</subfield>
    <subfield code="f">1-1831433</subfield>
    <subfield code="k">2017-7/2290</subfield>
    <subfield code="o">0</subfield>
    <subfield code="r">BOOK</subfield>
    <subfield code="s">201772290_</subfield>
  </datafield>
  <datafield tag="995" ind1=" " ind2=" ">
    <subfield code="5">2017-04-25</subfield>
    <subfield code="a">ad</subfield>
    <subfield code="b">NLR01</subfield>
    <subfield code="c">NLR01</subfield>
    <subfield code="e">RF31</subfield>
    <subfield code="f">1-1831432</subfield>
    <subfield code="k">2017-7/2290</subfield>
    <subfield code="o">0</subfield>
    <subfield code="r">BOOK</subfield>
    <subfield code="s">201772290_</subfield>
  </datafield>
  <datafield tag="995" ind1=" " ind2=" ">
    <subfield code="5">2017-05-11</subfield>
    <subfield code="b">NLR03</subfield>
    <subfield code="c">NLR03</subfield>
    <subfield code="e">UJZ</subfield>
    <subfield code="f">ERR-95812</subfield>
    <subfield code="o">0</subfield>
    <subfield code="p">0.00</subfield>
    <subfield code="r">BOOK</subfield>
  </datafield>
</record>
